Statistiques concernant Allemagne ou Pologne

Cliquez ici pour prendre le quiz!

Statistiques générales

  • Ce quiz a été pris 128 fois
  • Le résultat moyen est 8 sur 10

Statistiques - réponses

QuestionRéponse% Correct
Celui étant le plus peupléAllemagne
98%
Celui ayant Leipzig comme villeAllemagne
93%
Celui ayant la plus basse densité de populationPologne
90%
Celui ayant la plus grande villeAllemagne
86%
Celui étant le plus proche de la LibyeAllemagne
77%
Celui ayant le plus bas taux de chômageAllemagne
77%
Celui ayant la plus grande capitaleAllemagne
72%
Celui étant le plus grandAllemagne
71%
Celui étant le plus vieuxPologne
65%
Celui étant le plus proche de MadagascarPologne
50%

Distribution des résultats

Percentile par nombre de réponses

% des personnes avec chaque résultat

Votre développement - résultats

Vous n’avez pas pris ce quiz